[Event "CHN-ch Rapid Women 2017"]
[Site "Shenzhen"]
[Date "2017.12.07"]
[Round "1"]
[White "Ni, Shiqun"]
[Black "Shen, Yang"]
[Result "0-1"]
[WhiteElo "2441"]
[BlackElo "2465"]
[Annotator "TA"]
[PlyCount "140"]
[EventDate "2017.??.??"]
[EventType "rapid"]
[EventCountry "CHN"]
[SourceTitle "playchess.com"]
[Source "ChessBase"]
[SourceQuality "1"]

{[%evp 17,140,29,42,-5,47,47,42,44,31,30,45,24,23,19,60,16,29,4,7,3,2,2,16,-26,-26,-26,-22,-30,-34,-27,0,-12,-20,-17,-12,-71,-65,-147,-95,-96,-97,-103,-57,-139,-47,-96,-72,-86,-88,-114,-114,-114,-95,-108,-102,-104,-105,-109,-105,-105,-105,-105,-70,-72,-31,-77,-86,-76,-41,-111,-114,-138,-138,-149,-142,-243,-98,-98,-87,-217,-217,-216,-213,-205,-212,-195,-161,-161,-148,-141,0,-147,-80,-197,-191,-191,-169,-232,-207,-244,-244,-279,-281,-317,-322,-311,-285,-309,-219,-229,-241,-301,-213,-186,-186,-181,-179,-187,-185,-537,-574,-29975,-29976,-29994,-429]} 1. e4 e5 2. Nf3 Nc6 3. Bb5 a6 4. Ba4 Nf6 5. O-O Bc5 6. c3 b5 7. Bc2 d5 {C78: Ruy Lopez: Archangelsk and Möller Defences} 8. Nxe5 Nxe5 9. d4 dxe4 {LiveBook: 36 Games. White has an edge.} 10. Bg5 $146 ({Predecessor:} 10. dxc5 Nd3 11. Bg5 O-O 12. Nd2 Bb7 13. Qe2 Qd5 14. Bxf6 gxf6 15. Qe3 {½-½ (49) So,W (2773)-Onischuk,A (2664) Saint Louis 2016}) 10... Qd5 (10... Nd3 $11 11. dxc5 Qd5 12. Bxf6 gxf6) 11. dxe5 $14 Qxe5 12. Bxf6 $1 gxf6 {[#]} 13. Bxe4 $1 {[%mdl 512]} Rb8 (13... Qxe4 $2 14. Re1 $18) 14. Bc6+ Kf8 15. Nd2 Be6 {Black wants to play ...Rd8.} 16. Ne4 Bb6 17. Qf3 Kg7 18. Rfe1 h5 19. h3 Rbd8 20. Rad1 Rxd1 21. Rxd1 Bxa2 22. Ng3 Be6 23. Be4 Qg5 24. Nf5+ Bxf5 $1 25. Bxf5 Re8 26. Kh2 (26. g3 $11 {remains equal.}) 26... h4 $17 27. Rd7 (27. Kg1 $15) 27... Bc5 ({Black should play} 27... Re5 28. Bc2 Bc5) 28. Rd1 Bd6+ 29. Kg1 Re5 30. Bc2 {[#]} (30. Bd3 $15) 30... Bc5 (30... Qd2 $1 $17 {[%mdl 512] ( -> ...Re1+)} 31. Bd3 (31. Rxd2 $2 {is a self mate.} Re1#) (31. Qg4+ $2 Kf8 $19) 31... Qxb2 32. Qg4+ Kf8) 31. b4 Bb6 32. Qd3 f5 33. Qf3 Qg3 {...Qxf3 is the strong threat.} 34. Bd3 Qxf3 35. gxf3 {[%mdl 4096] Endgame KRB-KRB} a5 36. bxa5 Bxa5 37. Rb1 c6 38. c4 {[%cal Rc4b5]} b4 39. f4 Re6 40. c5 Kf6 41. Kg2 Re8 42. Kf3 Rb8 {Threatens to win with ...b3.} 43. Bc4 (43. Ra1 $15 Bd8 44. Ra6) 43... Bd8 44. Bb3 Be7 45. Ba4 Bxc5 46. Bxc6 (46. Rc1 $17 Ra8 47. Rxc5 Rxa4 48. Rxc6+ Kg7 49. Rb6) 46... Rd8 (46... b3 $19 {is more deadly. Strongly threatening ...b2.} 47. Bd5 b2) 47. Ke2 Rd4 48. Ba4 (48. Rc1 $17 Ba7 49. Ba4) 48... Rxf4 $19 49. f3 Rc4 50. Rd1 Rc3 {Hoping for ...Re3+.} 51. Rd3 Ra3 52. Bb3 Ra1 53. Rd1 Ra3 54. Rd3 {[#]} Bd4 $1 {[%mdl 512]} 55. Bc4 (55. Rxd4 $17 Rxb3 56. Rxh4) 55... Be5 56. Ke3 Ra7 57. Bb3 (57. Rd5 $142) 57... Kg5 58. Rd1 Re7 59. Rg1+ Bg3+ 60. Kd3 Kf4 61. Bd5 Re8 62. Rb1 Rb8 63. Ke2 f6 64. Rb3 Ke5 65. Bc4 Kd4 66. Bf7 Rb7 67. Bg8 Re7+ 68. Kd2 $2 (68. Kd1 {is more resistant.}) 68... Be1+ 69. Kd1 Bc3 70. Rb1 Ke5 {Precision: White = 33%, Black = 52%.} (70... Kd3 $142 71. Bc4+ Kxc4 72. Rxb4+ Kd3 73. Rd4+ Bxd4 74. f4 Re3 75. Kc1 Re1#) 0-1

[Event "CHN-ch Rapid Women 2017"]
[Site "Shenzhen"]
[Date "2017.12.07"]
[Round "1"]
[White "Guo, Qi"]
[Black "Ning, Kaiyu"]
[Result "1/2-1/2"]
[WhiteElo "2396"]
[BlackElo "2169"]
[Annotator "TA"]
[PlyCount "129"]
[EventDate "2017.??.??"]
[EventType "rapid"]
[EventCountry "CHN"]
[SourceTitle "playchess.com"]
[Source "ChessBase"]
[SourceQuality "1"]

{[%evp 18,129,19,14,51,34,47,42,46,47,52,42,44,42,45,40,48,37,44,47,47,43,89,87,83,87,110,92,122,49,43,44,49,44,75,68,96,96,96,96,97,97,157,160,178,188,208,205,225,157,264,221,361,193,212,0,332,154,138,54,101,101,101,68,108,102,113,100,117,12,68,12,81,0,68,68,69,68,55,0,0,0,72,0,9,0,0,0,0,0,0,0,0,0,0,0,0,0,43,-17,302,231,229,229,491,421,529,516,600,575,765,762,1252,1152]} 1. c4 e6 2. d4 d5 3. Nc3 Nf6 4. Bg5 c6 5. e3 h6 6. Bxf6 Qxf6 7. Rc1 Bb4 8. Nf3 Nd7 9. Bd3 O-O 10. O-O {LiveBook: 33 Games} a6 $146 {D38: Queen's Gambit Declined: Ragozin Defence (4 Nf3 Bb4)} ({Predecessor:} 10... Bxc3 11. Rxc3 dxc4 12. Rxc4 e5 13. Bc2 exd4 14. Qd3 g6 15. Rxd4 Nb6 16. Rd6 Qe7 17. Bb3 Kh7 18. Rd4 {½-½ (57) Salem,A (2561)-Ni,H (2654) Sharjah 2014}) 11. Qb3 Bxc3 12. Qxc3 Re8 {White is slightly better.} 13. Ne5 Nxe5 14. dxe5 Qe7 15. Bb1 b5 16. cxd5 cxd5 17. Qa5 Qd8 18. Qxd8 Rxd8 19. Rc7 Rd7 20. Rfc1 Rxc7 21. Rxc7 $16 {[%mdl 4096] Endgame KRB-KRB} Kf8 22. Kf1 Ke8 {[#]} 23. Ke2 (23. e4 $1 $16) 23... Bd7 $14 24. Kd3 Kd8 25. Rc5 a5 26. Kd4 Ra6 27. Bd3 Rb6 28. b3 Bc6 29. f4 Kd7 ({Black should try} 29... g6) 30. g4 $16 Rb8 31. h4 {[%cal Bh2h4,Bh4h5][%mdl 32]} Rb7 32. h5 Rb8 33. Rc1 Kc7 (33... Rh8 $16 34. Rc5 Rb8) 34. Rg1 f6 (34... Kd7 {might work better.} 35. g5 Ke7 36. gxh6 gxh6) 35. Bg6 (35. g5 $142) 35... Rf8 36. Bd3 (36. exf6 $142 gxf6 37. g5) 36... Rb8 $1 $18 37. f5 (37. g5 $18 {and White stays clearly on top.}) 37... Re8 38. exf6 ({Better is} 38. g5 $16 fxg5 39. fxe6) 38... gxf6 39. fxe6 Rxe6 40. Rf1 Kd6 41. Rf4 b4 42. Bg6 Ke7 43. Rf2 ({White should play} 43. Kc5 $16) 43... Kd6 (43... Re5 $1 $11) 44. Rc2 ({Only move:} 44. Rf1 $1 $14) 44... Re7 (44... Re5 $11 {keeps the balance.}) 45. Rf2 Re6 46. Bh7 Bb7 47. Rf4 Ke7 48. Bg8 (48. Bf5 $5 {[%cal Rf5e6]} Rc6 49. Kxd5 $14) 48... Re5 49. Bh7 Re6 50. Rf2 (50. Bf5 $16 Rc6 51. Kxd5) 50... Rc6 51. Bg8 Rc1 52. g5 hxg5 53. h6 Rh1 54. h7 Bc6 55. Kc5 Be8 56. Rf1 Rh2 57. Kb6 a4 58. Rc1 (58. bxa4 $14 Bxa4 59. Rb1) 58... Bg6 $2 {[%mdl 8192] [#]} (58... axb3 $11 {and Black stays safe.} 59. axb3 f5) 59. Rc7+ Kd6 60. bxa4 {[%cal Bb3a4,Ba4a5][%mdl 32] aiming for a5.} g4 $2 (60... Bxh7 61. Bxh7 Rxa2) 61. Rg7 {White is clearly winning.} Bxh7 62. Bxh7 Rxa2 63. a5 b3 {and the idea ...b2 leaves Black hopeful.} 64. Rxg4 Ke5 65. Rb4 {[%mdl 32768] Precision: White = 51%, Black = 32%. . An unexpected result.} 1/2-1/2

[Event "CHN-ch Rapid Women 2017"]
[Site "Shenzhen"]
[Date "2017.12.07"]
[Round "1"]
[White "Wang, Jue"]
[Black "Ren, Xiaoyi"]
[Result "1/2-1/2"]
[WhiteElo "2359"]
[BlackElo "2254"]
[Annotator "TA"]
[PlyCount "78"]
[EventDate "2017.??.??"]
[EventType "rapid"]
[EventCountry "CHN"]
[SourceTitle "playchess.com"]
[Source "ChessBase"]
[SourceQuality "1"]

{[%evp 25,78,0,0,0,-8,-23,-14,-27,-20,-33,-22,-24,-20,-12,163,85,179,0,0,0,10,11,16,-41,-38,-50,0,-61,-49,-41,-31,-82,-64,-33,-26,-73,-35,-37,-26,-28,-32,-26,-26,-31,-31,-40,-27,-31,0,-27,0,-36,0,-39,0]} 1. e4 e5 2. Nf3 Nf6 3. Nxe5 d6 4. Nf3 Nxe4 5. d3 Nf6 6. d4 d5 7. Bd3 Be7 8. O-O Bg4 9. Re1 O-O 10. Nbd2 c5 {C01: Französische Verteidigung (Abtauschvariante)} 11. dxc5 Bxc5 12. Nb3 Bb6 13. Be3 Nc6 {LiveBook: 6 Partien} 14. h3 Bh5 15. Bf5 $146 ({Vorgänger:} 15. g4 Bg6 16. Bxg6 hxg6 17. Qd3 Re8 18. c3 {½-½ (32) Dvalishvili,P (2399)-Rychagov,A (2564) Moscow 2011}) 15... d4 16. Bg5 Qd5 17. g4 {Und Lxf6 würde nun gewinnen.} Bg6 18. Nh4 Bxf5 19. Nxf5 {Lxf6 ist eine echte Drohung.} Ne4 $2 {[#]} (19... Nd7 $11 {und Schwarz steht sicher.}) 20. Qf3 (20. c4 $1 $18 {[%cal Rc4d5][%mdl 512]} Qe5 (20... Qxc4 21. Rxe4) 21. Nd2 Nxg5 22. Rxe5 Nxe5 23. Qf1) 20... Nf6 (20... Rae8 $16) 21. Kg2 $2 (21. Qf4 $1 $18 Nd7 {[#]} 22. c4 $1 {[%mdl 512]} Qxc4 23. Bh6 $1 {[%mdl 512]}) 21... Qxf3+ $11 22. Kxf3 Nd7 23. Bf4 f6 24. Nd6 (24. a4 $11) 24... Nde5+ $15 25. Kg2 Nb4 26. Re2 (26. Rad1 $11) 26... d3 27. cxd3 Nbxd3 28. Bg3 ({Besser ist} 28. Be3 $15) 28... Rfd8 {[%cal Bf8d8,Bd8d7,Bd7e7][%mdl 32]} 29. Nf5 {[%cal Bd6f5,Bf5h4,Bh4f3][%mdl 32]} Rd7 30. Rf1 Rad8 31. Nc1 g6 32. Nh4 Kf7 33. Nxd3 Nxd3 34. Nf3 Re7 35. Rc2 Nb4 36. Rc4 Nd3 37. Rc2 Nb4 38. Rc4 Nd3 39. Rc2 Nb4 {Precision: Weiß = 46%, Schwarz = 40%.} 1/2-1/2

[Event "CHN-ch Rapid Women 2017"]
[Site "Shenzhen"]
[Date "2017.12.07"]
[Round "1"]
[White "Xiao, Yiyi"]
[Black "Zhang, Lanlin"]
[Result "1-0"]
[WhiteElo "2311"]
[BlackElo "2183"]
[Annotator "TA"]
[PlyCount "77"]
[EventDate "2017.??.??"]
[EventType "rapid"]
[EventCountry "CHN"]
[SourceTitle "playchess.com"]
[Source "ChessBase"]
[SourceQuality "1"]

{[%evp 19,77,16,32,17,23,9,8,-20,7,0,0,0,6,0,0,0,16,0,0,-30,10,12,38,-6,-7,-12,-10,0,29,-25,-18,-183,-225,-227,-225,-222,-216,-203,-169,-314,-304,-297,-308,-304,-121,-110,129,118,477,453,29994,29995,29995,29996,29996,29997,29997,29998,29998,29999]} 1. d4 d5 2. c4 c6 3. cxd5 cxd5 4. Nc3 Nf6 5. Bf4 Nc6 6. e3 Bf5 7. Qb3 Na5 8. Qa4+ Bd7 9. Bb5 Nc6 10. Nf3 e6 {LiveBook: 19 Games. D10: Slav Defence: 3 cxd5 (without early Nf3) and 3 Nc3} 11. h3 a6 $146 ({Predecessor:} 11... Be7 12. O-O O-O 13. Rfc1 a6 14. Bxc6 Bxc6 15. Qb3 Nd7 16. Ne5 Nxe5 17. Bxe5 Qd7 18. Bg3 {0-1 (52) Zhao,X (2440)-Zhang,Z (2607) Suzhou 2001}) 12. Bxc6 Bxc6 {The position is equal.} 13. Qd1 (13. Qc2 {feels hotter.} Nd7 14. O-O Be7 15. Rfc1 O-O 16. Qd1) 13... Bd6 14. Bxd6 Qxd6 15. O-O O-O 16. Rc1 Rfc8 17. Ne5 h6 18. a3 Nd7 19. f4 b5 20. Qh5 Qf8 21. Qh4 Nxe5 22. fxe5 a5 23. Ne2 Bd7 24. Ng3 ({White should play} 24. Nf4) 24... b4 $11 25. Nh5 $2 (25. axb4 $11 Bb5 26. Rxc8 Rxc8 27. Rf2) 25... Rxc1 $19 ({Don't play} 25... bxa3 26. Rxc8 Rxc8 27. bxa3 $17) 26. Rxc1 bxa3 27. bxa3 Qxa3 28. Re1 Qf8 29. Qg4 (29. e4 {only move.}) 29... Bb5 30. e4 dxe4 31. Qxe4 Rd8 $2 (31... a4 $19 {is more deadly. And now ...a3 would win.} 32. Qb1 Rb8) 32. Kh2 $17 Qa3 $2 {[#]} (32... Be8 $17 {Hoping for ...f5.} 33. Qh4 f6 $1 {[%mdl 512]} 34. exf6 g5) 33. Re3 $1 $16 {[%cal Re3a3]} Qb4 $2 {[%mdl 8192]} (33... Qf8 $16) 34. Rg3 $18 Qxd4 (34... g5 $18 35. Nf6+ Kf8) 35. Rxg7+ {White mates.} Kf8 {[#]} 36. Rxf7+ $1 {[%mdl 512]} Ke8 (36... Kxf7 37. Qh7+) 37. Nf6+ Kxf7 38. Qh7+ Kf8 39. Qg8+ {Precision: White = 34%, Black = 29%.} 1-0

[Event "CHN-ch Rapid Women 2017"]
[Site "Shenzhen"]
[Date "2017.12.07"]
[Round "1"]
[White "Zhai, Mo"]
[Black "Gu, Tianlu"]
[Result "1-0"]
[WhiteElo "2302"]
[BlackElo "2197"]
[Annotator "TA"]
[PlyCount "151"]
[EventDate "2017.??.??"]
[EventType "rapid"]
[EventCountry "CHN"]
[SourceTitle "playchess.com"]
[Source "ChessBase"]
[SourceQuality "1"]

{[%evp 9,151,19,26,24,22,-19,-20,-24,-19,-28,-16,-23,14,16,20,19,25,22,10,15,64,54,75,72,78,72,72,64,117,116,103,118,111,120,163,51,51,51,31,0,41,29,37,0,0,0,0,0,0,-7,0,-1,0,-38,-44,-39,-27,-20,-20,-62,-29,-25,0,-242,-224,-405,-392,-331,-240,-528,-149,-207,0,0,0,0,15,0,0,6,50,35,43,8,252,254,245,0,156,0,243,240,326,309,319,298,279,279,252,211,365,356,354,326,289,252,526,524,488,479,1520,473,1462,1410,1374,1354,1324,1291,1235,1110,1226,1102,1095,890,4133,4133,4133,4133,4133,4133,29966,4133,29980,29977,29977,4133,29982,29973,29984,29985,29985,29986,29987,29985]} 1. c4 e5 2. Nc3 g6 3. d4 d6 4. Nf3 exd4 5. Qxd4 Nf6 $1 {LiveBook: 6 Games} 6. Bg5 {A21: English Opening: 1...e5 2 Nc3} Bg7 7. Nd5 Nbd7 8. Qe3+ {The position is equal.} Kf8 9. Bh6 c6 $146 ({Predecessor:} 9... Nb6 10. Bxg7+ Kxg7 11. Qd4 c5 12. Qxf6+ Qxf6 13. Nxf6 Kxf6 {0-1 (40) Peyre,C (1965)-Kharitonov,A (2536) Cappelle-la-Grande 2013}) 10. Nc3 Ng4 11. Bxg7+ Kxg7 12. Qd4+ Nde5 13. h3 $36 {[%mdl 2048] White is pushing.} Qf6 14. Rd1 Nxf3+ 15. exf3 Re8+ 16. Be2 Qxd4 17. Rxd4 Ne5 18. f4 c5 (18... Nd7 $14) 19. Re4 $16 Bf5 20. fxe5 Bxe4 21. Nxe4 Rxe5 22. f3 (22. Nxd6 $6 a6 $14) ({White should play} 22. Nc3 $1 $18) 22... d5 $14 23. cxd5 Rxd5 24. Kf2 Rad8 25. Rc1 b6 26. g4 f5 $1 {[%cal Rf5e4]} 27. gxf5 gxf5 {[%cal Bg6f5,Bf5f4][%mdl 32]} 28. Rg1+ Kf8 29. Nf6 Rd2 30. Nxh7+ Kf7 {Strongly threatening ...Re8.} 31. Ke3 (31. f4 {looks sharper.} Rxb2 32. Kf3 Rc2 33. Ng5+ Ke7 34. Re1) 31... f4+ $1 32. Kf2 Rxb2 33. Ng5+ Ke7 34. Ne4 Rh8 35. Rg7+ Kf8 36. Rxa7 $2 (36. Rg4 $1 $11) 36... Rxh3 $19 {Hoping for ...Rh2+.} 37. Nc3 $2 (37. Ra8+ Kg7 38. Ra7+ Kh6 39. Nc3) 37... Rc2 38. Ra3 b5 {aiming for ...b4.} 39. Kg2 $2 (39. Ke1 Rh1+ 40. Bf1) 39... Rg3+ $2 (39... Rh5 $19 40. Kf1 b4 41. Ra8+ Ke7) 40. Kf2 {[#]} (40. Kf1 $17 {might work better.}) 40... b4 $2 (40... Rg5 $1 $19 {...Rh5 is the strong threat.} 41. Kf1 (41. Nxb5 $2 Re5 $19) 41... Rc1+ 42. Kf2 Rh5) 41. Ra8+ $11 Kf7 42. Nd5 Rg5 43. Ra7+ Ke6 44. Nxf4+ Ke5 45. Ke3 {And now Bd3 would win.} Rc3+ 46. Bd3 Kf6 $2 (46... c4 $1 $11) 47. Ra6+ $18 Ke7 48. Ra7+ $2 (48. Ne2 $18 Ra3 49. Rxa3 bxa3 50. f4) 48... Kd6 $2 {[#]} (48... Kf6 $1 $11) 49. Ra6+ (49. Ne2 $1 $16 {[%cal Re2c3]} Re5+ 50. Kd2) 49... Ke7 $1 50. Ne2 Ra3 51. Rxa3 bxa3 52. Nc3 Rg2 53. Be2 Rg8 54. f4 Rb8 $2 (54... Rg3+ {was necessary.} 55. Bf3 Rg1) 55. Nb5 Ra8 56. Bc4 Ra4 57. Bb3 Ra5 $2 (57... Ra8 58. Ke4 Kf6) 58. Nc3 Ra8 59. Ke4 Rb8 (59... Kf6 $142 60. Nd5+ Kg7) 60. Kd5 (60. Ke5 $142 Kf8 61. Bc4) 60... Rb4 (60... Kf6 $142 61. Bc2 Rf8 62. Kxc5 Rb8) 61. Kxc5 Rb8 62. Kd4 Kf6 63. Nd5+ Kf5 64. Bc2+ Ke6 65. f5+ {[%cal Bf4f5,Bf5f6][%mdl 32]} Kf7 66. Kc3 Rb2 67. Bb3 Rf2 68. Kb4 Kf8 69. f6 Rf5 70. Kxa3 (70. Nb6 $142 Ke8 71. Nd5 Rf2 72. Kxa3 Rh2 73. Kb4 Rh4+ 74. Bc4 Rh8 75. a4) 70... Re5 71. Kb4 Re4+ 72. Kb5 (72. Kc5 $142 Re5 73. a4 Rh5 74. a5 Rh3 75. Bc4 Ke8 76. Nc7+ Kd8 77. Ne6+ Kd7 78. f7) 72... Re8 73. a4 {[%cal Ba2a4,Ba4a5][%mdl 32] White mates.} Rb8+ 74. Nb6 Rb7 75. a5 Ra7 76. Bd5 {Precision: White = 50%, Black = 39%.} 1-0

[Event "CHN-ch Rapid Women 2017"]
[Site "Shenzhen"]
[Date "2017.12.07"]
[Round "1"]
[White "Xu, Huahua"]
[Black "Chu, Ruotong"]
[Result "1-0"]
[WhiteElo "2222"]
[BlackElo "2166"]
[Annotator "TA"]
[PlyCount "71"]
[EventDate "2017.??.??"]
[EventType "rapid"]
[EventCountry "CHN"]
[SourceTitle "playchess.com"]
[Source "ChessBase"]
[SourceQuality "1"]

{[%evp 13,71,0,47,0,0,-3,14,0,0,0,0,-15,-14,-16,-18,-12,0,-1,0,0,0,-13,154,147,155,150,160,127,134,145,135,125,152,152,139,132,164,96,216,212,339,290,393,408,545,339,474,420,1110,271,607,608,710,527,719,397,29988,29989,29990,29991]} 1. c4 g6 2. Nc3 c5 3. g3 Nc6 4. Bg2 Bg7 5. d3 e6 6. e4 Nge7 7. Nge2 Nd4 {LiveBook: 4 Games. A36: Symmetrical English vs ...g6: 4 Bg2 Bg7} (7... d6 8. O-O O-O 9. Rb1 b6 10. Be3 Nd4 11. Qd2 Bb7 12. Bh6 Nec6 13. Bxg7 Kxg7 14. Nxd4 Nxd4 15. f4 Qd7 16. Ne2 Nxe2+ 17. Qxe2 Rae8 18. Rbe1 d5 19. cxd5 exd5 {½-½ (32) Dominguez Perez,L (2732)-Iturrizaga Bonelli,E (2641) Berlin 2015}) 8. Be3 Nec6 9. Qd2 h5 $146 {The position is equal.} ({Predecessor:} 9... d6 10. O-O O-O 11. Bh6 Rb8 12. Bxg7 Kxg7 13. f4 a6 14. Nxd4 cxd4 15. Ne2 e5 16. a4 Bg4 17. Nc1 Bd7 18. f5 f6 19. b4 b5 20. cxb5 axb5 {0-1 (63) Krassilnikov,E (2272)-Semenova,S (2076) Tula 2002}) 10. h4 a6 11. O-O O-O 12. Bg5 Qa5 13. Nxd4 cxd4 14. Ne2 Qc7 15. Bh6 d6 16. Bxg7 Kxg7 17. f4 f5 $2 (17... f6 $11) 18. exf5 $16 exf5 19. Bxc6 bxc6 20. Nxd4 c5 21. Nf3 Bb7 22. d4 cxd4 23. Qxd4+ Kh6 24. Rad1 Rae8 25. Rf2 (25. Qxd6 $18 Qxd6 26. Rxd6) 25... Re6 {[#]} (25... Bxf3 $16 26. Rxf3 Re6) 26. Ng5 $1 $18 {[%cal Rg5e6]} Ref6 (26... Re7 $142 27. Kh2 (27. Qxd6 Re1+ 28. Rf1 Rxf1+ 29. Kxf1 Qxc4+ 30. Kf2 Re8 $11) 27... Rfe8) 27. b3 Qc6 {[%csl Gb7][%cal Rc6h1]} 28. Kh2 Qe8 29. Qd3 Rg8 30. Re2 Qc6 (30... Be4 $142 31. Nxe4 fxe4) 31. Qd5 $2 (31. Qe3 Qd7 32. Qe7 Qxe7 33. Rxe7) 31... Qc8 $2 (31... Re8 32. Qd2 (32. Rxe8 Qxe8 33. Qd2 Rf8 $18) 32... Rxe2+ 33. Qxe2 Rf8) 32. Qd4 {[#] Intending Re7 and mate.} Qf8 33. Rde1 Bc6 34. Qb6 d5 $2 (34... Be4 $18 35. Qd4 Qg7 36. Nxe4 fxe4 37. Qxe4 Rd8) 35. Qc7 {[%csl Gg5][%cal Rc7h7]} Rg7 36. Re7 {Precision: White = 44%, Black = 23%.} 1-0

[Event "CHN-ch Rapid Women 2017"]
[Site "Shenzhen"]
[Date "2017.12.07"]
[Round "1"]
[White "Kuang, Yinghui"]
[Black "Zhu, Jiner"]
[Result "1/2-1/2"]
[WhiteElo "2220"]
[BlackElo "2324"]
[Annotator "TA"]
[PlyCount "54"]
[EventDate "2017.??.??"]
[EventType "rapid"]
[EventCountry "CHN"]
[SourceTitle "playchess.com"]
[Source "ChessBase"]
[SourceQuality "1"]

{[%evp 16,54,-9,-35,-32,-29,3,0,20,-12,37,17,26,19,47,53,104,111,98,105,186,91,105,110,127,121,101,79,96,90,93,101,106,73,66,0,93,0,28,0,73]} 1. e4 c5 2. d3 e6 3. g3 Nc6 4. Bg2 g6 5. Ne2 Bg7 6. O-O Nge7 7. c3 d5 8. Nd2 O-O 9. f4 {LiveBook: 3 Games} dxe4 {B20: Sicilian: Unusual White 2nd moves} (9... a5 10. a4 b6 11. e5 f6 12. exf6 Bxf6 13. Nf3 d4 14. cxd4 cxd4 15. Ne5 Bb7 16. Qb3 Nd5 17. Nxc6 Bxc6 {0-1 (46) Movsziszian,K (2556)-Barsov,A (2505) Sort 2009}) 10. dxe4 e5 11. Nf3 Qc7 $146 ({Predecessor:} 11... Qxd1 12. Rxd1 Be6 13. Be3 b6 14. b3 Rad8 15. Kf2 h6 16. h4 Bg4 17. Rxd8 Rxd8 {½-½ (57) Olcum,A (1949)-Ozgur,E Konya 2010}) 12. fxe5 Nxe5 13. Nxe5 Qxe5 14. Bf4 Qe6 15. Qd6 Qc4 ({Better is} 15... Nc6 $14) 16. Qxe7 $16 {[#] Threatens to win with Bf3.} Qxe2 17. Rf2 ({Much weaker is} 17. Qxc5 $6 Qxb2 18. e5 Bf5 $11) 17... Qc4 (17... Qd3 $16 {was called for.} 18. e5 (18. Qxc5 Be6 $16) 18... Qb5) 18. Bf1 (18. Bd6 $18 {and White stays clearly on top.}) 18... Qe6 19. Qxc5 Qxe4 20. Bg2 Qd3 21. Qc7 Qd8 22. Re1 Qxc7 23. Bxc7 a5 24. Bd6 Rd8 25. Bc7 Rf8 26. Bd6 ({White should try} 26. Re7 $16) 26... Rd8 $11 27. Bc7 Rf8 {Precision: White = 22%, Black = 49%.} 1/2-1/2

[Event "CHN-ch Rapid Women 2017"]
[Site "Shenzhen"]
[Date "2017.12.07"]
[Round "1"]
[White "Li, Xueyi"]
[Black "Zhang, Xiaowen"]
[Result "0-1"]
[WhiteElo "2190"]
[BlackElo "2332"]
[Annotator "TA"]
[PlyCount "143"]
[EventDate "2017.??.??"]
[EventType "rapid"]
[EventCountry "CHN"]
[SourceTitle "playchess.com"]
[Source "ChessBase"]
[SourceQuality "1"]

{[%evp 21,143,6,20,0,0,-9,11,-4,0,-43,-31,-33,-34,-45,-41,-47,-45,-45,-31,-86,-69,-70,-79,-123,-108,-69,267,253,256,265,256,253,248,242,269,269,281,277,311,311,315,323,331,303,329,312,333,320,327,318,352,350,342,271,342,282,332,301,380,373,353,327,313,289,312,310,306,-135,-127,-122,-124,-287,-287,-287,-135,-233,-233,-287,-287,-280,-271,-280,-280,-279,-268,-433,-432,-416,-349,-390,-390,-470,-450,-591,-591,-560,-523,-680,-651,-539,-410,-565,-457,-1153,-1149,-1118,-1073,-979,-951,-1419,-1295,-1522,-1512,-5037,-3909,-29974,-29975,-29975,-29976,-29977,-29974,-29981,-29977,-5608]} 1. d4 d5 2. c4 e6 3. Nc3 Nf6 4. Nf3 Be7 5. Bg5 O-O 6. e3 h6 7. Bxf6 Bxf6 8. Qc2 c5 9. cxd5 exd5 10. dxc5 Qa5 11. Be2 {D55: Damengambit (Hauptvariante, Abweichungen - Alte Lasker-Variante, etc.)} Qxc5 {LiveBook: 3 Partien} (11... Nc6 12. O-O Qxc5 13. Rac1 Qa5 14. Qb3 Ne7 15. Rfd1 Be6 16. Nd4 Bxd4 17. Rxd4 Nc6 18. Ra4 Qc5 19. Qb5 Qxb5 20. Bxb5 Rfc8 21. Bxc6 bxc6 {½-½ (45) Xu,Y (2523)-Andreikin,D (2736) China 2016}) 12. Rd1 Nc6 13. Qd2 {Die Stellung ist ausgeglichen.} Be6 14. O-O {[%cal Rc3d5]} Rad8 $146 ({Vorgänger:} 14... Rfd8 15. Nb5 Rac8 16. a3 Ne5 17. Nxe5 Bxe5 18. b4 Qb6 {½-½ (47) Marcziter,D (2265)-Lochte,T (2141) Saarbruecken 2013}) 15. Nd4 Nxd4 16. exd4 Qd6 17. Bd3 a6 ({Aber nicht} 17... Bxd4 $2 18. Nb5 $18) 18. Bb1 Bg4 19. Rde1 Qb6 20. Re3 ({Günstiger ist} 20. h3 $15 Bh5 21. g4) 20... Bxd4 $17 21. Rg3 Bh5 $1 22. Na4 Qf6 23. Rh3 Bg6 $2 {[%mdl 8192] [#]} (23... g6 $15 {bleibt weiter vorne.} 24. Bc2 Rfe8) 24. Rf3 $1 $18 {[%cal Rf3f6]} Qe5 {[#] Weiss muss nun ...Le4 beachten.} 25. Bxg6 $1 fxg6 26. Re1 Bxf2+ 27. Rxf2 Rxf2 28. Qxf2 (28. Rxe5 $2 {geht unter.} Rxd2 29. Re1 Rc8 $19) 28... Qd6 29. Qd4 Kh7 30. Nc3 b5 31. a3 Rd7 32. Rd1 Qc6 33. Nxd5 Rf7 34. Nc3 Qe6 35. h3 Rf5 36. Rf1 Rg5 37. Qd3 Qb3 38. Qd2 Qe6 39. Kh1 a5 40. Re1 Qc6 41. Ne4 Re5 42. Nf2 ({Schwächer ist} 42. Qxa5 Rxe4 43. Rxe4 Qxe4 $16) 42... Rf5 43. Ng4 Rh5 44. Nf6+ $2 (44. Kg1 $18) 44... Qxf6 $17 45. Qxa5 Qxb2 46. Qb4 $2 (46. Kh2 $17) 46... Qxb4 $19 47. axb4 {[%mdl 4096] Endspiel KT-KT} Rd5 (47... Rh4 $19 {und Schwarz behält klar die Oberhand.} 48. Rb1 g5) 48. Kg1 (48. Re4 $17 {war angesagt.}) 48... Rd4 49. Rb1 h5 50. Kf2 g5 51. Ke3 Rc4 52. Kd3 Kg6 53. g3 $2 (53. Ke3) 53... Kf5 54. Rf1+ Ke5 55. Re1+ Kd5 56. Rf1 {beabsichtigt Tf5+.} g6 57. Rf6 Rxb4 58. Kc3 Re4 59. Kd3 Re6 60. Rf8 b4 61. Rc8 Rf6 62. Rd8+ (62. Rb8 $142 Rf3+ 63. Ke2 Rxg3 64. Rxb4) 62... Kc5 63. Rc8+ Kb5 64. Rb8+ Ka4 65. Ra8+ Kb3 66. Ke4 Kb2 67. Ra5 g4 68. hxg4 hxg4 {Schwarz setzt Matt.} 69. Rg5 b3 70. Kd3 Rf3+ 71. Kc4 Rxg3 72. Kd4 {Precision: Weiß = 32%, Schwarz = 48%.} 0-1